Las finanzas en las plataformas políticas (Registro nro. 18022)

Detalles MARC
000 -LEADER
fixed length control field 00404 a2200133 4500
001 - CONTROL NUMBER
control field ART_12772
005 - DATE AND TIME OF LATEST TRANSACTION
control field 20260410161733.0
008 - FIXED-LENGTH DATA ELEMENTS--GENERAL INFORMATION
fixed length control field 260409a
100 1# - MAIN ENTRY--PERSONAL NAME
Personal name Rossi, Rodolfo C.
245 10 - TITLE STATEMENT
Title Las finanzas en las plataformas políticas
700 1# - ADDED ENTRY--PERSONAL NAME
Personal name Dominguez, Jorge
700 1# - ADDED ENTRY--PERSONAL NAME
Personal name Lopez Murphy, Ricardo H.
773 0# - HOST ITEM ENTRY
Title Ejecutivos de finanzas
Related parts - Año 7, Nº 56 (jun. 1989)
Record control number REV2863

No hay ítems disponibles.